Boost Your Presentation IQ: Proven Techniques for Winning Presentations and Speeches /
Become a presentation genius without spending painstaking hours practicing and polishing
Enregistré dans:
| Auteur principal: | |
|---|---|
| Format: | Livre |
| Langue: | Vietnamese |
| Publié: |
American :
MC Graw Hill ,
2005
|
| Édition: | In lần thứ 1 |
| Tags: |
Ajouter un tag
Pas de tags, Soyez le premier à ajouter un tag!
|
| Thư viện lưu trữ: | Thư viện Trường CĐ Kỹ Thuật Cao Thắng |
|---|
| LEADER | 01266nam a2200217 a 4500 | ||
|---|---|---|---|
| 001 | TVCDKTCT10074 | ||
| 003 | Thư viện trường Cao đẳng Kỹ thuật Cao Thắng | ||
| 005 | 20080808000000 | ||
| 008 | 080808 | ||
| 980 | \ | \ | |a Thư viện Trường CĐ Kỹ Thuật Cao Thắng |
| 024 | |a RG_1 #1 eb0 i1 | ||
| 020 | # | # | |a 0071458980 |
| 041 | 0 | # | |a vie |
| 082 | # | # | |a 080 / |b B400O-m |
| 100 | 1 | # | |a Pincus Marilyn |
| 245 | 0 | 0 | |a Boost Your Presentation IQ: Proven Techniques for Winning Presentations and Speeches / |c Pincus Marilyn |
| 250 | # | # | |a In lần thứ 1 |
| 260 | # | # | |a American : |b MC Graw Hill , |c 2005 |
| 300 | # | # | |a 240tr. ; |c 23 cm |
| 520 | # | # | |a Become a presentation genius without spending painstaking hours practicing and polishing |
| 520 | # | # | |a Boost Your Presentation IQ reveals how you can create powerful presentations and speeches for any business setting. Through an interactive format that features multiple-choice questions, you will determine your "Presentation IQ." Business consultant Marilyn Pincus delivers strategies for determining the best type of presentation to give, sample phrases for attention-getting beginnings and motivational endings, Q&A sessions, effective visual aids, and strategies for putting together a presentation fast. |


